000 00811nam a2200229Ia 4500
003 GCL
008 140319s9999 xx 000 0 ara d
040 _aGCL /
_cGCL
082 0 4 _a961.202
_bم ا
100 1 _aصلاح الدين السورى (مراجع)
245 1 0 _aايطاليا فى الاحداث البحرية الطرابلسية /
_cصلاح الدين السورى (مراجع)
700 1 _aعمر محمد البارونى (مترجم)
700 1 _aمنفرونى, كامللو
260 _a[S.N] :
_bمركز دراسات جهاد الليبين ضد الغزو الايطا ،
_c1988
300 _a94 ص
490 _a
650 0 4 _aتاريخ
650 0 4 _aليبيا
650 0 4 _aالسفن الحربية
650 0 4 _aالاستعمار الايطالى
942 _2ddc
_cBK
999 _c35664
_d35664